Vanarama National League Teams 2023/24 - Statistics

General Stats
  • This quiz has been taken 149 times
  • The average score is 16 of 24
Answer Stats
Team % Correct
7 Chesterfield
88%
17 Oldham Athletic
80%
4 Barnet
77%
6 Bromley
76%
19 Rochdale
74%
24 York City
73%
14 Hartlepool United
72%
2 Aldershot Town
70%
1 AFC Fylde
68%
13 Gateshead
68%
23 Woking
67%
5 Boreham Wood
66%
9 Dorking Wonderers
66%
12 FC Halifax Town
65%
18 Oxford City
65%
20 Solihull Moors
65%
21 Southend United
62%
22 Wealdstone
62%
11 Ebbsfleet United
61%
3 Altrincham
60%
15 Kidderminster Harriers
60%
10 Eastleigh
52%
16 Maidenhead United
50%
8 Dagenham & Redbridge
43%
No matching quizzes found
Score Distribution
Percent of People with Each Score
Percentile by Number Answered
Your Score History
You have not taken this quiz